LEADER 00896nam a2200193 4500 001 000000367055 003 CaOOAMICUS 005 20260327124810.0 008 260327s1897 it 000 u ita r 040 $aSeMil$bita 100 1 $aMarazza, Luigi.$0(OLS)http://semarc/name/118209 245 13$aLa Lega Lombarda e san Galdino, cardinale arcivescovo di Milano : conferenza letta al Comitato Diocesano Milanese /$csac. Luigi Marazza. 264 1$aMilano :$bTipografia P. Faverio,$c1897. 300 $a28 p. ;$c19 cm 850 $aSeMil 852 $aSeMil$W1$xVenegono$y1$m5C VIII 9/12$j269232$B257786$CSeMilBibl$Z2$F257786 $8I 996 $6245$aLa Lega Lombarda e san Galdino, cardinale arcivescovo di Milano : conferenza letta al Comitato Diocesano Milanese$9(OLS)http://semarc/title/458879 996 $6264$aMilano :$bTipografia P. Faverio$9(OLS)http://semarc/publisher/57206